000 00574nam a22001937a 4500
003 DO-SdBNP
005 20211201131106.0
008 211201b2019 ||||| |||| 00| 0 spa d
020 _a9789945917314
040 _aDO-SdBNP
_bspa
_cBNPHU
082 _axxx
_bG887p
100 1 _aGrullón, Miguelina
_980791
245 1 0 _aPautas efectivas para la reducción del riesgo gerencial y alcanzar el éxito /
_cMiguelina Grullón
260 _aSanto Domingo :
_bOpus,
_c2019
300 _a140 p. ;
_c22 cm
590 _aInventariado, 2021 / DG
910 _aD/G
942 _2ddc
_cLBS1
999 _c51085
_d51085